[Event "19th Karpov Poikovsky"]
[Site "Poikovsky RUS"]
[Date "2018.05.27"]
[Round "1.1"]
[White "Jakovenko, Dmitry"]
[Black "Artemiev, Vladislav"]
[Result "1-0"]
[WhiteTitle "GM"]
[BlackTitle "GM"]
[WhiteElo "2735"]
[BlackElo "2704"]
[WhiteFideId "4122356"]
[BlackFideId "24101605"]
[EventDate "2018.05.27"]

1. e4 c5 2. Nf3 e6 3. d4 cxd4 4. Nxd4 a6 5. Bd3 Bc5 6. Nb3 Ba7 7. O-O Ne7 8. Qe2
Nbc6 9. Be3 O-O 10. Bxa7 Rxa7 11. c4 d5 12. exd5 exd5 13. Nc3 d4 14. Ne4 Ng6 15.
f4 f5 16. Ng3 b6 17. Rad1 Re7 18. Qf2 Be6 19. Be2 Rd7 20. Rfe1 Nge7 21. Rd2 d3
22. Bxd3 Rxd3 23. Rxe6 Rxd2 24. Qxd2 Qxd2 25. Nxd2 Rd8 26. Nf3 g6 27. Ne5 Rc8
28. Ne2 b5 29. Nc3 bxc4 30. Nxc4 Nd4 31. Rxe7 Rxc4 32. Rb7 Ne6 33. g3 Rd4 34.
Re7 Nc5 35. Kf1 Rd6 36. Ke2 Nd3 37. Rb7 h6 38. a4 g5 39. fxg5 hxg5 40. a5 Nc1+
41. Kf1 Rd2 42. b4 f4 43. Ne4 Rxh2 44. b5 fxg3 45. Nxg3 Rh6 46. Rb6 1-0

[Event "19th Karpov Poikovsky"]
[Site "Poikovsky RUS"]
[Date "2018.05.27"]
[Round "1.2"]
[White "Sutovsky, Emil"]
[Black "Kovalev, Vladislav"]
[Result "1-0"]
[WhiteTitle "GM"]
[BlackTitle "GM"]
[WhiteElo "2647"]
[BlackElo "2650"]
[WhiteFideId "2802007"]
[BlackFideId "13504398"]
[EventDate "2018.05.27"]

1. e4 e5 2. Nf3 Nc6 3. Bb5 a6 4. Ba4 Nf6 5. O-O Be7 6. Re1 b5 7. Bb3 d6 8. c3
O-O 9. h3 Bb7 10. d4 Re8 11. Ng5 Rf8 12. Nf3 Re8 13. a4 Bf8 14. Bg5 h6 15. Bxf6
Qxf6 16. Bd5 Rab8 17. Na3 exd4 18. axb5 axb5 19. cxd4 Nb4 20. Bxb7 Rxb7 21. d5
Na6 22. Nc2 Nc5 23. b4 Nd7 24. Ncd4 g6 25. Qc1 Ne5 26. Nxe5 Qxe5 27. Nc6 Qf6 28.
Ra5 Qh4 29. Qa3 Rxe4 30. Rxe4 Qxe4 31. Ra8 Qe1+ 32. Kh2 Rb6 33. Qb2 Rxc6 34.
dxc6 Qe7 35. Qd4 d5 36. Qc5 Qxc5 37. bxc5 Kg7 38. Rc8 Bxc5 39. g3 Bd6 40. Rd8
Bc5 41. Rc8 Bd6 42. Rd8 Bc5 43. f4 Kf6 44. Rxd5 Bb6 45. Rxb5 Ke6 46. Re5+ Kd6
47. Kg2 Bc5 48. Re8 Kxc6 49. Rh8 Kd5 50. Rh7 Ke6 51. Rxh6 Bd4 52. h4 Bg7 53. Rh7
Bc3 54. g4 c5 55. h5 c4 56. hxg6 fxg6 57. Rc7 Kd5 58. Kf3 Bb2 59. f5 gxf5 60. g5
Kd4 61. g6 Kd3 62. Rd7+ Kc2 63. Ke2 f4 64. Rd2+ Kc1 65. Rd1+ Kc2 66. Rd2+ Kc1
67. Rxb2 f3+ 68. Kf1 Kxb2 69. g7 c3 70. g8=Q c2 71. Qb8+ Ka1 72. Qa7+ Kb2 73.
Qb6+ Kc3 74. Qa5+ Kb2 75. Qb4+ Ka1 76. Qa3+ Kb1 77. Qb3+ Kc1 78. Ke1 f2+ 79.
Kxf2 Kd1 80. Ke3 1-0

[Event "19th Karpov Poikovsky"]
[Site "Poikovsky RUS"]
[Date "2018.05.27"]
[Round "1.4"]
[White "Korobov, Anton"]
[Black "Fedoseev, Vladimir3"]
[Result "1-0"]
[WhiteTitle "GM"]
[BlackTitle "GM"]
[WhiteElo "2678"]
[BlackElo "2706"]
[WhiteFideId "14105730"]
[BlackFideId "24130737"]
[EventDate "2018.05.27"]

1. d4 Nf6 2. Nf3 e6 3. Bg5 h6 4. Bh4 d6 5. h3 d5 6. Nbd2 c5 7. e3 Nc6 8. c3 Bd6
9. Bd3 c4 10. Bc2 g5 11. Bg3 Bxg3 12. fxg3 Qd6 13. O-O Ng8 14. e4 Bd7 15. e5 Qc7
16. b3 cxb3 17. axb3 Nge7 18. Bd3 a5 19. b4 Nd8 20. c4 Ndc6 21. bxa5 Rxa5 22.
Rc1 Qb6 23. cxd5 exd5 24. Nb3 Ra2 25. Nc5 Bc8 26. Kh2 Qa5 27. Bb1 Rb2 28. g4 Qa3
29. Nd3 Rb6 30. Bc2 Qa7 31. Nc5 Rb4 32. Qd2 b6 33. Ra1 Qc7 34. Na6 Bxa6 35. Rxa6
O-O 36. Kh1 Rc4 37. Bd3 Qb7 38. Ra2 Ng6 1-0

[Event "19th Karpov Poikovsky"]
[Site "Poikovsky RUS"]
[Date "2018.05.27"]
[Round "1.5"]
[White "Vidit, Santosh Gujrathi"]
[Black "Bologan, Victor"]
[Result "1-0"]
[WhiteTitle "GM"]
[BlackTitle "GM"]
[WhiteElo "2707"]
[BlackElo "2610"]
[WhiteFideId "5029465"]
[BlackFideId "13900048"]
[EventDate "2018.05.27"]

1. d4 Nf6 2. c4 e6 3. Nf3 b6 4. g3 Bb7 5. Bg2 Be7 6. O-O O-O 7. Re1 Na6 8. Nc3
Ne4 9. Bf4 Nxc3 10. bxc3 Nb8 11. e4 d6 12. e5 dxe5 13. Nxe5 Bxg2 14. Kxg2 Bd6
15. Qf3 Nd7 16. Rad1 Qe7 17. Nc6 Qf6 18. Re4 Kh8 19. Qe2 Qg6 20. Bc1 Nf6 21. Rh4
Qf5 22. Rd3 g5 23. Rf3 Qg6 24. Ne5 Qg7 25. Rxf6 gxh4 26. Qf3 Bxe5 27. dxe5 hxg3
28. Bh6 Qg8 29. hxg3 Rad8 30. Qf4 1-0

[Event "19th Karpov Poikovsky"]
[Site "Poikovsky RUS"]
[Date "2018.05.28"]
[Round "2.1"]
[White "Nepomniachtchi, Ian"]
[Black "Sutovsky, Emil"]
[Result "1-0"]
[WhiteTitle "GM"]
[BlackTitle "GM"]
[WhiteElo "2751"]
[BlackElo "2647"]
[WhiteFideId "4168119"]
[BlackFideId "2802007"]
[EventDate "2018.05.27"]

1. e4 e6 2. d4 d5 3. Nc3 Nf6 4. e5 Nfd7 5. f4 c5 6. Nf3 Nc6 7. Be3 cxd4 8. Nxd4
Qb6 9. Qd2 Qxb2 10. Rb1 Qa3 11. Bb5 Nxd4 12. Bxd4 a6 13. Bxd7+ Bxd7 14. Rb3 Qe7
15. Rxb7 Rc8 16. f5 exf5 17. O-O Qd8 18. Qf2 Rc4 19. Rfb1 Bc8 20. Ra7 Be7 21.
Bb6 Rxc3 22. Kh1 Qd7 23. Rxd7 Bxd7 24. Bd4 Rc4 25. Rb7 Bc8 26. Ra7 h5 27. c3 Rh6
28. Ra8 Rhc6 29. h3 Bd8 30. Qf3 Be6 31. Qxh5 Kd7 32. Qh8 Rc8 33. Ra7+ R4c7 34.
Rxa6 Be7 35. Qxg7 f4 36. Qh7 Rb7 37. Qc2 Ke8 38. Qf2 Bg5 39. Qf3 Kd7 40. Kh2 Rc4
41. Rd6+ 1-0

[Event "19th Karpov Poikovsky"]
[Site "Poikovsky RUS"]
[Date "2018.05.28"]
[Round "2.2"]
[White "Jakovenko, Dmitry"]
[Black "Gelfand, Boris"]
[Result "1/2-1/2"]
[WhiteTitle "GM"]
[BlackTitle "GM"]
[WhiteElo "2735"]
[BlackElo "2695"]
[WhiteFideId "4122356"]
[BlackFideId "2805677"]
[EventDate "2018.05.27"]

1. e4 c5 2. Nf3 Nc6 3. Nc3 g6 4. d4 cxd4 5. Nxd4 Bg7 6. Be3 Nf6 7. Bc4 O-O 8.
Bb3 Re8 9. f3 d5 10. exd5 Nb4 11. Nde2 e6 12. Bd4 exd5 13. O-O Be6 14. Bf2 d4
15. Nxd4 Bxb3 16. Nxb3 1/2-1/2

[Event "19th Karpov Poikovsky"]
[Site "Poikovsky RUS"]
[Date "2018.05.28"]
[Round "2.3"]
[White "Kovalev, Vladislav"]
[Black "Vidit, Santosh Gujrathi"]
[Result "1/2-1/2"]
[WhiteTitle "GM"]
[BlackTitle "GM"]
[WhiteElo "2650"]
[BlackElo "2707"]
[WhiteFideId "13504398"]
[BlackFideId "5029465"]
[EventDate "2018.05.27"]

1. e4 c5 2. Nf3 d6 3. d4 cxd4 4. Nxd4 Nf6 5. Nc3 a6 6. g3 e5 7. Nf3 Be7 8. Nh4
g6 9. Bg2 Be6 10. h3 Nbd7 11. Bh6 Qb6 12. Rb1 Bc4 13. Nf3 Rc8 14. Nd2 Be6 15.
O-O Qc6 16. f4 b5 17. f5 Bc4 18. Nxc4 Qxc4 19. Qf3 b4 20. Nd1 Rg8 21. b3 Qb5 22.
c4 bxc3 23. Nxc3 Qb6+ 24. Kh2 g5 25. Rfc1 Bf8 26. Bxf8 Kxf8 27. Nd5 Qb7 28. Qe3
Nxd5 29. exd5 Nf6 30. Rc6 Nxd5 31. Bxd5 Rxc6 32. Rc1 Qb6 33. Qxb6 Rxb6 34. f6
Rb8 35. Rc7 Rg6 36. Rxf7+ Ke8 37. Re7+ Kd8 38. Re6 Kd7 39. Re7+ Kd8 40. Rf7 Ke8
41. Re7+ 1/2-1/2

[Event "19th Karpov Poikovsky"]
[Site "Poikovsky RUS"]
[Date "2018.05.28"]
[Round "2.4"]
[White "Bologan, Victor"]
[Black "Korobov, Anton"]
[Result "1/2-1/2"]
[WhiteTitle "GM"]
[BlackTitle "GM"]
[WhiteElo "2610"]
[BlackElo "2678"]
[WhiteFideId "13900048"]
[BlackFideId "14105730"]
[EventDate "2018.05.27"]

1. d4 Nf6 2. c4 e6 3. Nc3 Bb4 4. f3 d5 5. a3 Bxc3+ 6. bxc3 c5 7. cxd5 Nxd5 8.
dxc5 Qa5 9. e4 Nf6 10. Be3 O-O 11. Qd2 Nfd7 12. c4 Nc6 13. Qxa5 Nxa5 14. Rd1 b6
15. cxb6 axb6 16. Kf2 Nc5 17. Rb1 Ba6 18. Rxb6 Rfc8 19. Rb4 Bxc4 20. Bxc4 Nxc4
21. Bxc5 1/2-1/2

[Event "19th Karpov Poikovsky"]
[Site "Poikovsky RUS"]
[Date "2018.05.28"]
[Round "2.5"]
[White "Artemiev, Vladislav"]
[Black "Fedoseev, Vladimir3"]
[Result "1/2-1/2"]
[WhiteTitle "GM"]
[BlackTitle "GM"]
[WhiteElo "2704"]
[BlackElo "2706"]
[WhiteFideId "24101605"]
[BlackFideId "24130737"]
[EventDate "2018.05.27"]

1. e4 e5 2. d4 exd4 3. Qxd4 Nc6 4. Qe3 Nf6 5. Bd2 Be7 6. Nc3 d5 7. Nxd5 Nxd5 8.
exd5 Qxd5 9. Ne2 O-O 10. Nf4 Qc5 11. O-O-O Bf5 12. Qxc5 Bxc5 13. Bd3 Bxd3 14.
Nxd3 Bb6 15. Rhe1 Rfe8 16. c3 Kf8 17. Bf4 Rad8 18. Rxe8+ Kxe8 19. g4 Ne7 20. Kc2
c6 21. a4 f6 22. Re1 Kf7 23. a5 Bxa5 24. Nc5 Bb6 25. Nxb7 Rd7 26. Nd6+ Kg6 27.
Bg3 h5 28. h3 Nd5 29. Nf5 Bc7 30. Nh4+ Kh6 31. Re4 g5 32. Nf3 c5 33. Ne1 Kg6 34.
gxh5+ Kxh5 35. Bxc7 Rxc7 36. Ng2 c4 37. Rd4 Rc5 38. h4 Nb6 39. hxg5 fxg5 40. Ne3
Rc8 41. Kd2 Rb8 42. Ke2 Na4 43. Rxc4 Nxb2 44. Rc6 Rb6 45. Rc8 a5 46. c4 Re6 47.
c5 Nc4 48. Rh8+ Kg6 49. Kd3 Ne5+ 50. Kd4 Nc6+ 51. Kc3 Rf6 52. Ra8 Kf7 53. Ra6
Ke8 54. Nc4 Rf3+ 55. Kd2 Rxf2+ 56. Ke3 Rf4 57. Nxa5 Nxa5 58. Rxa5 Kd7 59. c6+
Kxc6 60. Rxg5 1/2-1/2

[Event "19th Karpov Poikovsky"]
[Site "Poikovsky RUS"]
[Date "2018.05.29"]
[Round "3.1"]
[White "Vidit, Santosh Gujrathi"]
[Black "Nepomniachtchi, Ian"]
[Result "1/2-1/2"]
[WhiteTitle "GM"]
[BlackTitle "GM"]
[WhiteElo "2707"]
[BlackElo "2751"]
[WhiteFideId "5029465"]
[BlackFideId "4168119"]
[EventDate "2018.05.27"]

1. Nf3 d5 2. d4 Bf5 3. c4 e6 4. Nc3 Nf6 5. e3 a6 6. c5 Nc6 7. Qa4 Nd7 8. Be2 g5
9. h3 Bg7 10. g4 Bg6 11. h4 h5 12. gxh5 Bxh5 13. Nxg5 Bxe2 14. Nxe2 e5 15. Qb3
exd4 16. exd4 Nxd4 17. Nxd4 Bxd4 18. Qxd5 Ne5 19. Qxd8+ Rxd8 20. Ke2 Bxc5 1/2-1/2

[Event "19th Karpov Poikovsky"]
[Site "Poikovsky RUS"]
[Date "2018.05.29"]
[Round "3.3"]
[White "Sutovsky, Emil"]
[Black "Jakovenko, Dmitry"]
[Result "0-1"]
[WhiteTitle "GM"]
[BlackTitle "GM"]
[WhiteElo "2647"]
[BlackElo "2735"]
[WhiteFideId "2802007"]
[BlackFideId "4122356"]
[EventDate "2018.05.27"]

1. e4 e5 2. Nf3 Nc6 3. Bb5 Nf6 4. d3 Bc5 5. O-O Nd4 6. Be3 Nxf3+ 7. Qxf3 Bxe3 8.
Qxe3 c6 9. Bc4 O-O 10. Bb3 d6 11. Nd2 Re8 12. f4 Be6 13. Kh1 exf4 14. Qxf4 d5
15. e5 Nd7 16. Nf3 Nc5 17. Nd4 Qd7 18. Rae1 Nxb3 19. axb3 c5 20. Ne2 d4 21. Ng3
Bd5 22. Re2 Re6 23. b4 cxb4 24. Nf5 Rg6 25. Qxd4 Re8 26. Qxa7 Rg5 27. Ref2 Bxg2+
28. Rxg2 Rxf5 29. Rxf5 Qxf5 30. Qxb7 h5 31. Qxb4 Rxe5 32. Qd2 h4 33. Rf2 Qe6 34.
Qf4 h3 35. Kg1 Re1+ 36. Rf1 Qg6+ 37. Kf2 Re6 38. Rg1 Qh5 39. Rg4 Qc5+ 40. Kf1
Qc6 41. Kg1 g6 42. Qd2 Qb6+ 43. Kf1 Qxb2 44. Re4 Rf6+ 45. Kg1 Qb6+ 46. d4 Qb5
47. Re2 Rf5 48. Qe1 Qd5 49. Re8+ Kg7 50. Qe4 Qb5 51. Qe2 Qb1+ 52. Qe1 Qxc2 0-1

[Event "19th Karpov Poikovsky"]
[Site "Poikovsky RUS"]
[Date "2018.05.29"]
[Round "3.4"]
[White "Korobov, Anton"]
[Black "Kovalev, Vladislav"]
[Result "1/2-1/2"]
[WhiteTitle "GM"]
[BlackTitle "GM"]
[WhiteElo "2678"]
[BlackElo "2650"]
[WhiteFideId "14105730"]
[BlackFideId "13504398"]
[EventDate "2018.05.27"]

1. d4 Nf6 2. Nf3 g6 3. c4 Bg7 4. Nc3 O-O 5. e4 d6 6. Be2 e5 7. d5 a5 8. Bg5 h6
9. Be3 Ng4 10. Bd2 f5 11. h3 Nf6 12. exf5 gxf5 13. g3 Na6 14. Qc1 Kh7 15. Nh4
Nc5 16. Be3 Nfe4 17. Nxe4 Nxe4 18. Qc2 Qf6 19. O-O Bd7 20. Kh2 b6 21. Rg1 a4 22.
Raf1 Nc5 23. Rd1 Rab8 24. Bh5 b5 25. Bxc5 dxc5 26. cxb5 e4 27. Qxc5 Rxb5 28.
Qxc7 Qd8 29. Bg6+ Kh8 30. Qxd8 Rxd8 31. b3 axb3 32. axb3 Rxb3 33. Nxf5 Rf8 34.
g4 Be5+ 35. Kg2 Rf6 36. Bh5 Bxf5 37. gxf5 Rxf5 38. Bg4 Rf6 39. Rge1 Rb2 40. Re2
Rxe2 41. Bxe2 Rg6+ 42. Kf1 Rf6 1/2-1/2

[Event "19th Karpov Poikovsky"]
[Site "Poikovsky RUS"]
[Date "2018.05.30"]
[Round "4.1"]
[White "Nepomniachtchi, Ian"]
[Black "Korobov, Anton"]
[Result "1-0"]
[WhiteTitle "GM"]
[BlackTitle "GM"]
[WhiteElo "2751"]
[BlackElo "2678"]
[WhiteFideId "4168119"]
[BlackFideId "14105730"]
[EventDate "2018.05.27"]

1. e4 c5 2. Nf3 d6 3. d4 cxd4 4. Nxd4 Nf6 5. Nc3 a6 6. Bg5 Nbd7 7. Bc4 h6 8. Bh4
g6 9. Qe2 Bg7 10. O-O-O O-O 11. Bb3 Qc7 12. Kb1 Rb8 13. f4 e5 14. fxe5 dxe5 15.
Nf3 b5 16. g4 Nb6 17. h3 Na4 18. Rd3 Be6 19. Bxf6 Bxf6 20. Nd5 Bxd5 21. Bxd5 Nc5
22. Rc3 b4 23. Rc4 Bg7 24. Qe3 Rb5 25. Rf1 Qb6 26. Nd2 Na4 27. Qd3 Nc5 28. Qe2
a5 29. Nb3 Qd6 30. Qe3 Ne6 31. Rc6 Qd7 32. Qd3 Rbb8 33. Nc5 Nxc5 34. Rxc5 a4 35.
Qc4 Kh8 36. Rc7 Qd8 37. Rcxf7 Rxf7 38. Rxf7 Qb6 39. Qf1 Qd4 40. Qd3 Qc5 41. Rf3
Rf8 42. a3 Rxf3 43. Qxf3 bxa3 44. bxa3 Qb6+ 45. Ka2 Qc5 46. Qd3 Bf8 47. Bc4 Kg7
48. Qd7+ Be7 49. Qxa4 Qd4 50. Qa6 Qxe4 51. Bb3 Qf4 52. Qe6 Qf8 53. Qxe5+ Bf6 54.
Qd5 Bh4 55. a4 Qe7 56. a5 Bf2 57. a6 g5 58. Bc4 Ba7 59. c3 Qc7 60. Qg8+ Kf6 61.
Qf8+ 1-0

[Event "19th Karpov Poikovsky"]
[Site "Poikovsky RUS"]
[Date "2018.05.30"]
[Round "4.2"]
[White "Jakovenko, Dmitry"]
[Black "Vidit, Santosh Gujrathi"]
[Result "1/2-1/2"]
[WhiteTitle "GM"]
[BlackTitle "GM"]
[WhiteElo "2735"]
[BlackElo "2707"]
[WhiteFideId "4122356"]
[BlackFideId "5029465"]
[EventDate "2018.05.27"]

1. e4 e5 2. Nf3 Nc6 3. Bb5 a6 4. Ba4 Nf6 5. d3 Bc5 6. c3 b5 7. Bc2 d5 8. O-O
dxe4 9. dxe4 Qxd1 10. Rxd1 Bb7 11. Nbd2 O-O-O 12. Re1 Bb6 13. a4 Ne8 14. axb5
axb5 15. Nf1 f6 16. Be3 Nd6 17. N3d2 Na5 18. Bxb6 cxb6 19. Ne3 Ndc4 20. Ndxc4
Nxc4 21. Nxc4 bxc4 22. Red1 Kc7 23. Rxd8 Rxd8 24. Kf1 b5 1/2-1/2

[Event "19th Karpov Poikovsky"]
[Site "Poikovsky RUS"]
[Date "2018.05.30"]
[Round "4.4"]
[White "Kovalev, Vladislav"]
[Black "Fedoseev, Vladimir3"]
[Result "0-1"]
[WhiteTitle "GM"]
[BlackTitle "GM"]
[WhiteElo "2650"]
[BlackElo "2706"]
[WhiteFideId "13504398"]
[BlackFideId "24130737"]
[EventDate "2018.05.27"]

1. e4 c5 2. Nf3 d6 3. Bb5+ Nd7 4. d4 cxd4 5. Qxd4 a6 6. Bxd7+ Qxd7 7. c4 Qc6 8.
Nc3 Bg4 9. Be3 Bxf3 10. gxf3 Nf6 11. O-O-O Nd7 12. f4 Rc8 13. Qd5 Qc7 14. f5 Nf6
15. Qd4 Qxc4 16. Kb1 e5 17. Qxc4 Rxc4 18. f3 h6 19. Rhg1 Rg8 20. Rg2 g5 21. Rdg1
Rh8 22. Kc2 Be7 23. Kd3 Rc6 24. h4 gxh4 25. Bf2 b5 26. Bxh4 Nh5 27. Rg8+ Rxg8
28. Rxg8+ Kd7 29. Bg3 Bg5 30. Bh2 Rc8 31. Rxc8 Kxc8 32. a4 bxa4 33. Nxa4 Nf6 34.
Nc3 h5 35. Ke2 Kd7 36. f4 Bxf4 37. Bxf4 exf4 38. Kf3 h4 39. Kxf4 Kc6 40. b4 d5
41. e5 d4 42. Nb1 h3 43. Kg3 Ng4 44. Kxh3 Nxe5 45. Kg3 Kd5 46. Nd2 d3 47. Kf4
Nc4 0-1

[Event "19th Karpov Poikovsky"]
[Site "Poikovsky RUS"]
[Date "2018.05.30"]
[Round "4.5"]
[White "Artemiev, Vladislav"]
[Black "Bologan, Victor"]
[Result "1-0"]
[WhiteTitle "GM"]
[BlackTitle "GM"]
[WhiteElo "2704"]
[BlackElo "2610"]
[WhiteFideId "24101605"]
[BlackFideId "13900048"]
[EventDate "2018.05.27"]

1. Nf3 Nf6 2. c4 b6 3. g3 Bb7 4. Bg2 e6 5. O-O Be7 6. Nc3 O-O 7. Re1 d5 8. cxd5
exd5 9. d4 Nbd7 10. Bf4 Ne4 11. Qb3 Ndf6 12. Red1 c5 13. dxc5 Bxc5 14. Nxe4 Nxe4
15. Be3 Re8 16. Bd4 Ba6 17. e3 Be2 18. Re1 Bxf3 19. Bxf3 Bxd4 20. exd4 Qd6 21.
Rac1 g6 22. Qa4 Re6 23. Bg2 a5 24. Re2 Rae8 25. Bh3 f5 26. Bg2 Nf6 27. Rxe6 Rxe6
28. Bf3 g5 29. h3 Kg7 30. Qc2 g4 31. Bg2 Kg6 32. hxg4 Nxg4 33. Bh3 Nh6 34. Qc8
Rf6 35. Qe8+ Kg7 36. Qe5 Nf7 37. Rc7 Kg6 38. Qxd6 Nxd6 39. Rd7 Nc4 40. b3 Rd6
41. Re7 Nd2 42. Kg2 Ne4 43. Re5 Rf6 44. f3 Nc3 45. a4 f4 46. Be6 fxg3 47. Kxg3
h5 48. f4 Ne4+ 49. Kf3 Nd2+ 50. Ke2 Nxb3 51. f5+ Kg5 52. Rxd5 Nc1+ 53. Ke3 Na2
54. Rd8 Nc3 55. Rg8+ Kh6 56. Kf4 Kh7 57. Rc8 Nxa4 58. Kg5 1-0

[Event "19th Karpov Poikovsky"]
[Site "Poikovsky RUS"]
[Date "2018.05.31"]
[Round "5.2"]
[White "Vidit, Santosh Gujrathi"]
[Black "Gelfand, Boris"]
[Result "1/2-1/2"]
[WhiteTitle "GM"]
[BlackTitle "GM"]
[WhiteElo "2707"]
[BlackElo "2695"]
[WhiteFideId "5029465"]
[BlackFideId "2805677"]
[EventDate "2018.05.27"]

1. e4 c5 2. Nf3 Nc6 3. Bb5 g6 4. Bxc6 bxc6 5. O-O Bg7 6. Re1 Nh6 7. c3 O-O 8. d4
cxd4 9. cxd4 d5 10. e5 f6 11. Qc2 Bg4 12. Nbd2 Qb6 13. h3 fxe5 14. hxg4 Nxg4 15.
Nc4 dxc4 16. Qxc4+ Kh8 17. Qe6 Rf5 18. Re4 Nf6 19. Rxe5 Rxf3 20. gxf3 Qxd4 21.
Be3 Qxb2 22. Rc1 Rf8 23. Rxc6 Ng4 24. Re4 Nxe3 25. Rxe3 Bf6 26. Rc8 Rxc8 27.
Qxc8+ Kg7 28. Qe6 Qc1+ 29. Kg2 Qc5 30. Re4 a5 31. f4 Qc2 32. f5 g5 33. a4 Qd1
34. Rc4 h5 35. Qe4 g4 36. Rc7 Qd6 37. Ra7 Qc5 38. Rd7 Qa3 39. Rd3 Qc5 40. Rd8
Qc3 41. Qe6 Kh6 42. Rg8 Qf3+ 43. Kg1 Qd1+ 44. Kh2 h4 45. Rg6+ Kh5 46. Rg7 Kh6
47. Rg6+ Kh5 48. Rg7 Kh6 49. Rxe7 Kg5 50. Re8 Qc2 51. Qe3+ Kh5 52. Qf4 Qb3 53.
Re3 Qd1 54. Re6 Qf1 55. Re4 Qd1 56. Qc7 Kg5 57. Qf4+ Kh5 58. Re6 Qf1 59. Qe3 Bg5
60. Qd4 g3+ 61. fxg3 hxg3+ 62. Kxg3 Bf4+ 63. Qxf4 Qg2+ 64. Kxg2 1/2-1/2

[Event "19th Karpov Poikovsky"]
[Site "Poikovsky RUS"]
[Date "2018.05.31"]
[Round "5.3"]
[White "Korobov, Anton"]
[Black "Jakovenko, Dmitry"]
[Result "1/2-1/2"]
[WhiteTitle "GM"]
[BlackTitle "GM"]
[WhiteElo "2678"]
[BlackElo "2735"]
[WhiteFideId "14105730"]
[BlackFideId "4122356"]
[EventDate "2018.05.27"]

1. d4 Nf6 2. c4 e6 3. Nf3 d5 4. Nc3 Be7 5. Bg5 h6 6. Bh4 O-O 7. e3 Nbd7 8. Rc1
c5 9. cxd5 Nxd5 10. Bxe7 Nxe7 11. Be2 b6 12. O-O Bb7 13. Qa4 cxd4 14. Nxd4 Nc5
15. Qa3 Nc6 16. Rfd1 Nxd4 17. Rxd4 Qg5 18. Bf1 Rfd8 19. Rxd8+ Qxd8 20. b4 Ne4
21. Nxe4 Bxe4 22. b5 Bd5 23. Qc3 Qg5 24. a4 Rb8 25. Qc7 Rb7 26. Qd6 Be4 27. Rc4
Qd5 28. Qc6 f5 29. Qc8+ Kh7 30. Rd4 Qe5 31. Rd8 Re7 32. h4 g5 33. hxg5 hxg5 34.
Re8 Qg7 35. Rxe7 Qxe7 36. Bc4 Bb7 37. Qxe6 Qxe6 38. Bxe6 Kg6 39. f4 Kf6 40. Bb3
gxf4 41. exf4 Be4 42. Kf2 Ke7 43. g3 Bb7 44. Ke3 Bc8 45. Kd4 Kd6 46. Bd5 Bd7 47.
Bb3 Bc8 48. Bd1 Be6 49. Bc2 Bd7 50. Ke3 Ke7 51. Bb3 Bc8 52. Kf2 Bb7 53. Kg1 Kf6
54. Bd1 Bd5 55. Kh2 Be6 56. Kh3 Bd5 57. g4 fxg4+ 58. Kxg4 Bf7 59. Bc2 Bd5 60.
Kg3 Be6 61. Kf2 Bd5 62. Ke3 Be6 63. Kd4 Bf7 64. Kc3 Bh5 65. Kc4 Bf3 66. Kd4 Ke6
67. Ke3 Bd5 68. Kd3 Kf6 69. Kd4 Bf7 1/2-1/2

[Event "19th Karpov Poikovsky"]
[Site "Poikovsky RUS"]
[Date "2018.05.31"]
[Round "5.4"]
[White "Sutovsky, Emil"]
[Black "Artemiev, Vladislav"]
[Result "1/2-1/2"]
[WhiteTitle "GM"]
[BlackTitle "GM"]
[WhiteElo "2647"]
[BlackElo "2704"]
[WhiteFideId "2802007"]
[BlackFideId "24101605"]
[EventDate "2018.05.27"]

1. e4 c6 2. d4 d5 3. e5 Bf5 4. h4 h5 5. c4 e6 6. Nc3 Ne7 7. Nge2 Bg4 8. Bg5 Qb6
9. c5 Qc7 10. f3 Bf5 11. Ng3 f6 12. Bf4 Nd7 13. exf6 Qxf4 14. Nce2 Qh6 15. fxe7
Bxe7 16. Nxf5 exf5 17. g3 b6 18. cxb6 Nxb6 19. Qc1 Bb4+ 20. Kd1 Nc4 21. Qxh6
Rxh6 22. Nf4 Ne3+ 23. Ke2 Nc2 24. Rd1 Ba5 25. Kd3 Ne1+ 26. Ke3 Nc2+ 27. Kd3 Ne1+ 1/2-1/2

[Event "19th Karpov Poikovsky"]
[Site "Poikovsky RUS"]
[Date "2018.05.31"]
[Round "5.5"]
[White "Bologan, Victor"]
[Black "Kovalev, Vladislav"]
[Result "0-1"]
[WhiteTitle "GM"]
[BlackTitle "GM"]
[WhiteElo "2610"]
[BlackElo "2650"]
[WhiteFideId "13900048"]
[BlackFideId "13504398"]
[EventDate "2018.05.27"]

1. d4 Nf6 2. c4 g6 3. Nc3 Bg7 4. e4 d6 5. Nge2 O-O 6. Ng3 e5 7. d5 h5 8. Be2 h4
9. Nf1 Nh7 10. h3 f5 11. Nh2 a5 12. O-O Na6 13. exf5 gxf5 14. f4 e4 15. Be3 Bd7
16. Kh1 Kh8 17. Rg1 Rg8 18. Nf1 Qe7 19. Kh2 c5 20. dxc6 bxc6 21. Qd2 Nc7 22. Rd1
d5 23. g4 Rad8 24. cxd5 cxd5 25. Bd4 Qd6 26. Kh1 Ne6 27. Bxg7+ Rxg7 28. Qxd5
Qxf4 29. Nh2 e3 30. gxf5 Nf6 31. Qf3 Rxg1+ 32. Rxg1 Qxf3+ 33. Nxf3 Nf4 34. Ne5
Kh7 35. Bg4 Bc8 36. Re1 Nxg4 37. Nxg4 Bb7+ 38. Kg1 Nxh3+ 39. Kf1 Ba6+ 40. Kg2
Ng5 41. Rxe3 Rd2+ 42. Kg1 Rxb2 43. Nd5 Rb1+ 44. Kh2 Rb2+ 45. Kg1 Bb7 46. Ngf6+
Kh6 47. Ng4+ Kg7 48. f6+ Kf8 49. Nf4 h3 50. Ng6+ Kg8 51. N6e5 Rxa2 52. Rd3 Rg2+ 0-1

[Event "19th Karpov Poikovsky"]
[Site "Poikovsky RUS"]
[Date "2018.06.02"]
[Round "6.1"]
[White "Jakovenko, Dmitry"]
[Black "Fedoseev, Vladimir3"]
[Result "1-0"]
[WhiteTitle "GM"]
[BlackTitle "GM"]
[WhiteElo "2735"]
[BlackElo "2706"]
[WhiteFideId "4122356"]
[BlackFideId "24130737"]
[EventDate "2018.05.27"]

1. e4 c6 2. d4 d5 3. e5 c5 4. dxc5 e6 5. Nf3 Bxc5 6. a3 Nd7 7. Bd3 f6 8. b4 Be7
9. Bb2 fxe5 10. Nxe5 Nxe5 11. Bxe5 Bf6 12. O-O Nh6 13. Bxf6 Qxf6 14. Bb5+ Kf8
15. Nd2 g5 16. c4 Kg7 17. cxd5 exd5 18. Rc1 Rf8 19. Nb3 Rf7 20. Qxd5 Be6 21. Qd3
Rd8 22. Qc3 b6 23. Qxf6+ Kxf6 24. Rc6 Nf5 25. Re1 Re7 26. Bf1 g4 27. f3 gxf3 28.
gxf3 Nh4 29. Kf2 Ng6 30. Nc1 Ne5 31. Rc3 Rd2+ 32. Re2 Rd1 33. Re1 Rd2+ 34. Re2
Rd1 35. Ree3 Rd4 36. Nd3 Nc4 37. Re4 Rxe4 38. fxe4 Nd2 39. Bg2 Kg5 40. Kg3 Nc4
41. Nf4 Bf7 42. Nd5 Bxd5 43. exd5 Nd6 44. h4+ Kf5 45. Rf3+ Ke5 46. Re3+ Kf6 47.
Rxe7 Kxe7 48. Kf4 Kf6 49. Be4 h6 50. Bd3 Nf7 51. Ke4 Nd6+ 52. Kd4 Nb7 53. d6 Ke6
54. d7 Kxd7 55. Ke5 Ke7 56. Kf5 Nd6+ 57. Kg6 b5 58. Kxh6 Kf6 59. Kh5 Nc4 60. a4
Ne3 61. Bxb5 Nd5 62. a5 Kg7 63. Kg5 Nxb4 64. Kf5 a6 65. Be8 Nd3 66. Bc6 Kh6 67.
Bd5 Kh5 68. Ke4 Nb4 69. Bb7 Kxh4 70. Kd4 Kg5 1-0